<?xml version="1.0" encoding="UTF-8"?>
<collection xmlns="http://www.loc.gov/MARC21/slim">
 <record>
  <leader>01558nam a22002417a 4500</leader>
  <controlfield tag="001">NCT_91731</controlfield>
  <controlfield tag="008">211009b        xxu||||| |||| 00| 0 vie d</controlfield>
  <datafield tag="999" ind1=" " ind2=" ">
   <subfield code="c">4531</subfield>
   <subfield code="d">4531</subfield>
  </datafield>
  <datafield tag="020" ind1=" " ind2=" ">
   <subfield code="a">9786045999561</subfield>
   <subfield code="c">280000</subfield>
  </datafield>
  <datafield tag="082" ind1="0" ind2="4">
   <subfield code="2">23rd ed.</subfield>
   <subfield code="a">346.597043</subfield>
   <subfield code="b">O408</subfield>
  </datafield>
  <datafield tag="100" ind1="1" ind2=" ">
   <subfield code="a">Nguyễn Minh Oanh</subfield>
   <subfield code="e">Chủ biên</subfield>
  </datafield>
  <datafield tag="245" ind1="1" ind2="0">
   <subfield code="a">Bình luận luật nhà ở năm 2014</subfield>
   <subfield code="c">Nguyễn Minh Oanh (chủ biên); Nguyễn Minh Tuấn, Nguyễn Văn Hợi, ...</subfield>
  </datafield>
  <datafield tag="260" ind1=" " ind2=" ">
   <subfield code="a">H.</subfield>
   <subfield code="b">Lao động</subfield>
   <subfield code="c">2018</subfield>
  </datafield>
  <datafield tag="300" ind1=" " ind2=" ">
   <subfield code="a">615 tr.</subfield>
   <subfield code="c">24cm</subfield>
  </datafield>
  <datafield tag="520" ind1="3" ind2=" ">
   <subfield code="a">Bình luận về các quy định của Luật Nhà ở năm 2014 trong mối quan hệ với các văn bản pháp luật có liên quan như: Hiến pháp năm 2013, Bộ luật Dân sự năm 2015, Luật Đất đai năm 2013... nhằm xây dựng một cách hiểu thống nhất và toàn diện</subfield>
  </datafield>
  <datafield tag="653" ind1=" " ind2=" ">
   <subfield code="a">Luật học</subfield>
  </datafield>
  <datafield tag="700" ind1="1" ind2=" ">
   <subfield code="a">Nguyễn Minh Tuấn</subfield>
  </datafield>
  <datafield tag="700" ind1="1" ind2=" ">
   <subfield code="a">Nguyễn Văn Hợi</subfield>
  </datafield>
  <datafield tag="942" ind1=" " ind2=" ">
   <subfield code="2">ddc</subfield>
   <subfield code="c">BK</subfield>
  </datafield>
  <datafield tag="952" ind1=" " ind2=" ">
   <subfield code="0">0</subfield>
   <subfield code="1">0</subfield>
   <subfield code="2">ddc</subfield>
   <subfield code="4">0</subfield>
   <subfield code="6">346_597043000000000_O408</subfield>
   <subfield code="7">0</subfield>
   <subfield code="9">21561</subfield>
   <subfield code="a">000001</subfield>
   <subfield code="b">000001</subfield>
   <subfield code="d">2021-10-09</subfield>
   <subfield code="o">346.597043 O408</subfield>
   <subfield code="p">MD.18898</subfield>
   <subfield code="r">2021-10-09</subfield>
   <subfield code="v">280000.00</subfield>
   <subfield code="w">2021-10-09</subfield>
   <subfield code="y">BK</subfield>
  </datafield>
  <datafield tag="952" ind1=" " ind2=" ">
   <subfield code="0">0</subfield>
   <subfield code="1">0</subfield>
   <subfield code="2">ddc</subfield>
   <subfield code="4">0</subfield>
   <subfield code="6">346_597043000000000_O408</subfield>
   <subfield code="7">0</subfield>
   <subfield code="9">21562</subfield>
   <subfield code="a">000001</subfield>
   <subfield code="b">000001</subfield>
   <subfield code="d">2021-10-09</subfield>
   <subfield code="o">346.597043 O408</subfield>
   <subfield code="p">MD.18899</subfield>
   <subfield code="r">2021-10-09</subfield>
   <subfield code="v">280000.00</subfield>
   <subfield code="w">2021-10-09</subfield>
   <subfield code="y">BK</subfield>
  </datafield>
  <datafield tag="952" ind1=" " ind2=" ">
   <subfield code="0">0</subfield>
   <subfield code="1">0</subfield>
   <subfield code="2">ddc</subfield>
   <subfield code="4">0</subfield>
   <subfield code="6">346_597043000000000_O408</subfield>
   <subfield code="7">0</subfield>
   <subfield code="9">21563</subfield>
   <subfield code="a">000001</subfield>
   <subfield code="b">000001</subfield>
   <subfield code="d">2021-10-09</subfield>
   <subfield code="o">346.597043 O408</subfield>
   <subfield code="p">MD.18900</subfield>
   <subfield code="r">2021-10-09</subfield>
   <subfield code="v">280000.00</subfield>
   <subfield code="w">2021-10-09</subfield>
   <subfield code="y">BK</subfield>
  </datafield>
  <datafield tag="980" ind1=" " ind2=" ">
   <subfield code="a">Thư viện Trường Đại học Nam Cần Thơ</subfield>
  </datafield>
 </record>
</collection>
